01286nam a22003735b 4500001000600000003000900006005001700015007000300032008003400035017000900069020001500078040003000093082003000123100004200153245007500195250000600270264005800276300004100334336002900375337003500404338002900439490004500468590002600513600000600539650003800545650003800583650002700621650003500648700003200683910004100715942001200756952012700768999001700895 446 DO-SdBPM20251120102817.0ta950710s1992 sp a | | ||spa  a b  a8434211297 aDO-SdBPMbspacBPMSUerda 4a808.068bS194mih 19922221 a Sánchez, Isidro eautor 4aut. d 10aMi hámster / c Isidro Sánchez ; ilustraciones María Rius h  a  aBarcelona, España : bParramón Ediciones , c1992 a29 páginasbilustraciones ;c20 cm atexto btxt 2rdacontent asin mediación bn2rdamedia  avolumen bnc2rdacarrier0 aPrimera Biblioteca de los Niños.a v  aInventariado, 2025/VM 2  7aLibros y lectura para niñosv  7alibros ilustrados para niñosv  7aCuentos infantiles v  7aNo-violencia xEnseñanza.v 1 aRius, María eilustradora aVMateo V. Control de calidad. BPMSU  2ddccBK 00102ddc708CI-GaBPMETbBPMETd2025-11-20l0oBPMSU CGI 808.068 S194mih 1992pBPMSU25110058r2025-11-20w2025-11-20yBK c15525d15525